[Event "Recordando los clásicos"]
[Site "SchemingMind.com"]
[Date "2008.12.11"]
[Round "-"]
[White "ilhado"]
[Black "keen"]
[Result "1-0"]
[WhiteCountry "BRA"]
[BlackCountry "SCO"]
[WhiteElo "1719"]
[WhiteRD "76"]
[BlackElo "1638"]
[BlackRD "56"]
[GameID "182812"]

1. e4 e5 2. f4 exf4 3. Nf3 g5 4. Bc4 Nc6 5. O-O d6 6. d4 Bg4 7. Qd3 h6 8. Bd2 Bg7 9. Bc3 Qd7 10. d5 Ne5
11. Bxe5 dxe5 12. Bb5 c6 13. dxc6 bxc6 14. Qxd7+ Kxd7 15. Rd1+ Kc7 16. Bc4 Ne7 17. Bxf7 Rad8 18. Nc3 Rxd1+ 19. Rxd1 Rd8 20. Rd3 Bc8
21. h3 Ba6 22. Rxd8 Kxd8 23. Na4 Kc7 24. Nc5 Bc8 25. a4 Bf8 26. Nxe5 Kd6 27. Ned3 Bg7 28. c3 a6 29. Kf2 a5 30. e5+ Bxe5
31. Ne4+
1-0

[Event "Recordando los clásicos"]
[Site "SchemingMind.com"]
[Date "2008.12.12"]
[Round "-"]
[White "TONYTODD11"]
[Black "keen"]
[Result "1-0"]
[WhiteCountry "ENG"]
[BlackCountry "SCO"]
[WhiteElo "1496"]
[WhiteRD "71"]
[BlackElo "1638"]
[BlackRD "56"]
[GameID "182813"]

1. e4 e5 2. f4 exf4 3. Nf3 g5 4. h3 Nc6 5. Bc4 d6 6. Nc3 g4 7. hxg4 Bxg4 8. d4 Bg7 9. Bxf7+ Kxf7 10. Bxf4 Bxf3
11. Qxf3 Nf6 12. O-O-O Kg8 13. Bg5 Qf8 14. Rhf1 Nd7 15. Qg4 Qe8 16. Bh6 Qg6 17. Qxd7 Bxh6+ 18. Kb1 Qg7 19. Qe6+
1-0

[Event "Recordando los clásicos"]
[Site "SchemingMind.com"]
[Date "2008.12.12"]
[Round "-"]
[White "fouche"]
[Black "keen"]
[Result "0-1"]
[WhiteCountry "COL"]
[BlackCountry "SCO"]
[WhiteElo "1559"]
[WhiteRD "63"]
[BlackElo "1694"]
[BlackRD "57"]
[GameID "182814"]

1. e4 e5 2. f4 exf4 3. Bc4 Nf6 4. d3 g5 5. h4 d5 6. exd5 Bg4 7. Nf3 Nxd5 8. O-O h6 9. Re1+ Be7 10. hxg5 hxg5
11. Qe2 Nc6 12. Bxd5 Nd4 13. Bxf7+ Kf8 14. Qe5 Bf6 15. Qc5+ Kg7 16. Nxd4 Bxd4+
0-1

[Event "Recordando los clásicos"]
[Site "SchemingMind.com"]
[Date "2008.12.15"]
[Round "-"]
[White "janez"]
[Black "keen"]
[Result "1-0"]
[WhiteCountry "SLO"]
[BlackCountry "SCO"]
[WhiteElo "1677"]
[WhiteRD "76"]
[BlackElo "1638"]
[BlackRD "56"]
[GameID "182815"]

1. e4 e5 2. f4 exf4 3. Nf3 g5 4. h4 g4 5. Ne5 h5 6. d4 d6 7. Nd3 f3 8. gxf3 gxf3 9. Qxf3 Bg4 10. Qg3 Bg7
11. e5 dxe5 12. dxe5 Nc6 13. Nc3 Nd4 14. Qg2 Bf3 15. Qxg7 Bxh1 16. Qxh8 Qxh4+ 17. Kd1 Qg4+ 18. Ne2 O-O-O 19. Bd2 Ne7 20. Qf6 Bf3
21. Nf4 Nxe2 22. Nxe2 Qd4 23. Qg5 Nf5 24. Qxf5+ Kb8 25. Qg5 Bg4 26. Ke1 Bxe2 27. Bxe2 h4 28. Rd1 h3 29. Bf4 Qb4+ 30. c3
1-0

[Event "Recordando los clásicos"]
[Site "SchemingMind.com"]
[Date "2008.12.15"]
[Round "-"]
[White "ajedrez perfecto"]
[Black "keen"]
[Result "0-1"]
[WhiteCountry "BAH"]
[BlackCountry "SCO"]
[WhiteElo "1571"]
[WhiteRD "83"]
[BlackElo "1650"]
[BlackRD "57"]
[GameID "182816"]

1. e4 e5 2. f4 exf4 3. Nf3 g5 4. h4 g4 5. Ne5 h5 6. Bc4 Nh6 7. d4 d6 8. Nd3 Nc6 9. Nxf4 Bg7 10. c3 Qe7
11. Qe2 Bd7 12. Nxh5 Bf8 13. Bg5 f6 14. Nxf6+ Kd8 15. Nd5 Qxg5 16. hxg5 Nf7 17. Rxh8 Nxh8
0-1

[Event "Recordando los clásicos"]
[Site "SchemingMind.com"]
[Date "2008.12.11"]
[Round "-"]
[White "lemmie"]
[Black "keen"]
[Result "1-0"]
[WhiteCountry "NED"]
[BlackCountry "SCO"]
[WhiteElo "1745"]
[WhiteRD "51"]
[BlackElo "1638"]
[BlackRD "56"]
[GameID "182817"]

1. e4 e5 2. f4 exf4 3. Nf3 g5 4. h4 g4 5. Ne5 Qe7 6. d4 h5 7. Nc3 d6 8. Nd3 Nc6 9. Nxf4 Nf6 10. Be3 Bd7
11. Bd3 O-O-O 12. Ncd5 Nxd5 13. Nxd5 Qe6 14. Bg5 Re8 15. Nf4 Qxe4+ 16. Bxe4 Rxe4+ 17. Kd2 Rxd4+ 18. Nd3 Ne5 19. Qf1 Bg7 20. Rd1 Nc4+
21. Kc1 f6 22. Bxf6 Ne3 23. Bxg7 Nxf1 24. Bxd4
1-0

[Event "Recordando los clásicos"]
[Site "SchemingMind.com"]
[Date "2008.12.17"]
[Round "-"]
[White "slotheman"]
[Black "keen"]
[Result "1-0"]
[WhiteCountry "USA"]
[BlackCountry "SCO"]
[WhiteElo "1715"]
[WhiteRD "78"]
[BlackElo "1671"]
[BlackRD "56"]
[GameID "182818"]

1. e4 e5 2. f4 exf4 3. Nf3 g5 4. h4 g4 5. Ne5 h5 6. d4 d6 7. Nd3 Bg7 8. Nxf4 Ne7 9. d5 Nd7 10. Nc3 Ne5
11. Be3 Bd7 12. Qd2 N5g6 13. O-O-O Ng8 14. Nxg6 fxg6 15. g3 Nf6 16. Bg5 O-O 17. Bd3 c6 18. Qf4 Qc7 19. Bh6 Nxd5 20. Qg5 Ne7
21. e5 dxe5 22. Bxg6 Nxg6 23. Qxg6 Bf5 24. Qxh5 Bxh6+ 25. Qxh6 Qh7 26. Qd2 Rae8 27. Kb1 e4 28. Qc1 e3 29. Ne2 Be4 30. Rh2 Bf3
31. Re1 Qc7 32. Nf4 Rxf4 33. gxf4 Qxf4 34. Rf2 g3 35. Rff1 Re4 36. h5 g2 37. Rg1 e2 38. Qxf4 Rxf4 39. c3 Rh4 40. Kc1 Rxh5
41. Kd2 Re5 42. Rc1 Kf7 43. c4 Kf6 44. Rc3 Kf5 45. Rxf3+
1-0

[Event "Recordando los clásicos"]
[Site "SchemingMind.com"]
[Date "2008.12.10"]
[Round "-"]
[White "aadaam"]
[Black "keen"]
[Result "1-0"]
[WhiteCountry "INT"]
[BlackCountry "SCO"]
[WhiteElo "1778"]
[WhiteRD "44"]
[BlackElo "1694"]
[BlackRD "57"]
[GameID "182819"]

1. e4 e5 2. f4 exf4 3. Nf3 g5 4. d4 d6 5. Nc3 g4 6. Ng1 Bg7 7. Bxf4 Qf6 8. Be3 Nc6 9. Bb5 Bd7 10. Nge2 O-O-O
11. Qd2 a6 12. Bxc6 Bxc6 13. Bg5 Bh6 14. Bxh6 Qxh6 15. O-O-O Qxd2+ 16. Rxd2 Nf6 17. Ng3 Rhe8 18. Re1 Bd7 19. Rf1 Ng8 20. Rxf7 Re7
21. Rdf2 Rde8 22. Nd5 Rxf7 23. Rxf7 Bc6 24. Rxc7+ Kb8 25. Rxh7 Bxd5 26. exd5 Nf6 27. Rg7 Rg8 28. Rxg8+ Nxg8 29. Ne4 Kc7 30. h3 Nf6
31. Nxf6
1-0

[Event "Recordando los clásicos"]
[Site "SchemingMind.com"]
[Date "2008.12.12"]
[Round "-"]
[White "Shaka"]
[Black "ilhado"]
[Result "1-0"]
[WhiteCountry "VEN"]
[BlackCountry "BRA"]
[WhiteElo "1817"]
[WhiteRD "73"]
[BlackElo "1719"]
[BlackRD "76"]
[GameID "182830"]

1. e4 e5 2. f4 d6 3. Nf3 exf4 4. d4 Bg4 5. Nc3 Nc6 6. Bxf4 g6 7. Bc4 Qe7 8. O-O O-O-O 9. h3 Bxf3 10. Rxf3 Nh6
11. Qd2 Qh4 12. Bg5
1-0

[Event "Recordando los clásicos"]
[Site "SchemingMind.com"]
[Date "2008.12.13"]
[Round "-"]
[White "Shaka"]
[Black "TONYTODD11"]
[Result "1-0"]
[WhiteCountry "VEN"]
[BlackCountry "ENG"]
[WhiteElo "1817"]
[WhiteRD "73"]
[BlackElo "1496"]
[BlackRD "71"]
[GameID "182831"]

1. e4 e5 2. f4 Qh4+ 3. g3 Qf6 4. f5 Qc6 5. Bg2 Nf6 6. d3 Bc5 7. Nf3 Ng4 8. Qe2 Nf2 9. Nxe5 Qb6 10. Rf1 d6
11. Nc4 O-O 12. Nxb6 Bxb6 13. Rxf2 Bxf2+ 14. Qxf2 Nc6 15. Nc3 Nb4 16. Be3 b6 17. a3 Nc6 18. Nd5 g6 19. f6 Ne5 20. Qf4 Be6
21. Qh6
1-0

[Event "Recordando los clásicos"]
[Site "SchemingMind.com"]
[Date "2008.12.13"]
[Round "-"]
[White "Shaka"]
[Black "keen"]
[Result "1-0"]
[WhiteCountry "VEN"]
[BlackCountry "SCO"]
[WhiteElo "1817"]
[WhiteRD "73"]
[BlackElo "1638"]
[BlackRD "56"]
[GameID "182832"]

1. e4 e5 2. f4 exf4 3. Nf3 g5 4. Bc4 d6 5. h4 g4 6. Ng5 Nh6 7. d4 Qe7 8. O-O f6 9. Nf3 gxf3 10. Qxf3 Nc6
11. c3 f5 12. Bxf4 Qxe4 13. Qh5+ Kd8 14. Bxh6 Bxh6 15. Qxh6 Ne7 16. Nd2 Qg4 17. Rae1 Rg8 18. Bxg8 Qxg8 19. Qf6 Qe8 20. Re2 Bd7
21. Rfe1
1-0

[Event "Recordando los clásicos"]
[Site "SchemingMind.com"]
[Date "2008.12.13"]
[Round "-"]
[White "Shaka"]
[Black "fouche"]
[Result "1-0"]
[WhiteCountry "VEN"]
[BlackCountry "COL"]
[WhiteElo "1770"]
[WhiteRD "73"]
[BlackElo "1525"]
[BlackRD "51"]
[GameID "182833"]

1. e4 e5 2. f4 exf4 3. Nf3 d5 4. e5 Bg4 5. d4 Ne7 6. h3 Bxf3 7. Qxf3 Ng6 8. Bd3 Be7 9. O-O Nc6 10. c3 Qd7
11. Bxf4 O-O-O 12. Nd2 Kb8 13. Bh2 f5 14. Bxf5 Qe8 15. Rae1 Rf8 16. Qd3 Bg5 17. Nf3 Bh6 18. g4 Bf4 19. Bxg6 Bxh2+ 20. Kxh2 Qxg6
21. Qxg6 hxg6 22. e6 Rde8 23. Ng5 Rf6 24. Rxf6 gxf6 25. Nh7 Nd8 26. e7 Nc6 27. Nxf6 Rxe7 28. Rxe7 Nxe7 29. Kg3 Kc8 30. Kf4 Kd8
31. Kg5 a5 32. a4 c6 33. h4 b5 34. h5 gxh5 35. gxh5 bxa4 36. h6
1-0

[Event "Recordando los clásicos"]
[Site "SchemingMind.com"]
[Date "2008.12.16"]
[Round "-"]
[White "Shaka"]
[Black "janez"]
[Result "1/2-1/2"]
[WhiteCountry "VEN"]
[BlackCountry "SLO"]
[WhiteElo "1835"]
[WhiteRD "69"]
[BlackElo "1582"]
[BlackRD "67"]
[GameID "182834"]

1. e4 e5 2. f4 exf4 3. Nf3 g5 4. d4 d6 5. Nc3 Bg7 6. h3 Nc6 7. Bc4 Nge7 8. O-O g4 9. hxg4 Bxg4 10. Bxf4 Nxd4
11. Bxf7+ Kf8 12. Nxd4 Bxd1 13. Ne6+ Kxf7 14. Nxd8+ Raxd8 15. Nxd1 Ke8 16. Bg5 h6 17. Bh4 d5 18. exd5 Rxd5 19. c3 Rf8 20. Ne3 Rxf1+
21. Kxf1 Re5 22. Re1 Nc6 23. Nf5 Rxe1+ 24. Kxe1 Bf8 25. Kd2 Kf7 26. Ke3 Ke6 27. Nd4+ Nxd4=
1/2-1/2

[Event "Recordando los clásicos"]
[Site "SchemingMind.com"]
[Date "2008.12.16"]
[Round "-"]
[White "Shaka"]
[Black "ajedrez perfecto"]
[Result "1-0"]
[WhiteCountry "VEN"]
[BlackCountry "BAH"]
[WhiteElo "1835"]
[WhiteRD "69"]
[BlackElo "1484"]
[BlackRD "76"]
[GameID "182835"]

1. e4 e5 2. f4 exf4 3. d4 Qh4+ 4. Ke2 d5 5. Nf3 Bg4 6. e5 Bxf3+ 7. gxf3 Nc6 8. Nc3 Nge7 9. Bg2 Nf5 10. Nxd5 O-O-O
11. Nxf4 Ncxd4+ 12. Kf1 Nb3 13. Qe1 Qxe1+ 14. Kxe1 Nxa1 15. c3 Nc2+ 16. Ke2 g6 17. Bh3 Bh6 18. Nd3 Bxc1 19. Bxf5+
1-0

[Event "Recordando los clásicos"]
[Site "SchemingMind.com"]
[Date "2008.12.11"]
[Round "-"]
[White "Shaka"]
[Black "lemmie"]
[Result "0-1"]
[WhiteCountry "VEN"]
[BlackCountry "NED"]
[WhiteElo "1817"]
[WhiteRD "73"]
[BlackElo "1745"]
[BlackRD "51"]
[GameID "182836"]

1. e4 e5 2. f4 exf4 3. Nf3 g5 4. Bc4 g4 5. Ne5 Qh4+ 6. Kf1 Nh6 7. d4 d6 8. Nd3 f3 9. Qe1 g3 10. Qxg3 fxg2+
11. Qxg2 Bh3 12. Rg1 Bxg2+ 13. Rxg2 Qf6+ 14. Rf2 Qxd4 15. Bb3 Ng4 16. Rxf7 Nxh2+ 17. Ke2 Qxe4+ 18. Be3 Bh6 19. Nf4 Nc6 20. Nc3 Nd4+
21. Kd2 Nhf3+ 22. Kd1 Qxe3
0-1

[Event "Recordando los clásicos"]
[Site "SchemingMind.com"]
[Date "2008.12.17"]
[Round "-"]
[White "Shaka"]
[Black "slotheman"]
[Result "1-0"]
[WhiteCountry "VEN"]
[BlackCountry "USA"]
[WhiteElo "1789"]
[WhiteRD "72"]
[BlackElo "1652"]
[BlackRD "81"]
[GameID "182837"]

1. e4 e5 2. f4 d6 3. Nf3 exf4 4. d4 g5 5. h4 g4 6. Ng5 f6 7. Nf3 gxf3 8. Qxf3 Bh6 9. Bc4 Qe7 10. Nc3 Nc6
11. Qh5+ Kd8 12. O-O Qg7 13. Ne2 Bd7 14. Bxf4 Bxf4 15. Rxf4 Nge7 16. Raf1 Rg8 17. R1f2 Ng6 18. Rxf6 Rf8 19. Qg5 Rxf6 20. Rxf6 Nce7
21. h5 h6 22. Rxg6 Qxd4+ 23. Nxd4 hxg5 24. Rxg5 c5 25. Nf3 b5 26. Be2 Kc7 27. h6 Be6 28. Bxb5 Bxa2 29. Rg7 Kb6 30. Bd3 Nc6
31. b3 a5 32. h7 Rh8 33. Ng5 a4 34. Rg8 Rxh7 35. Nxh7 axb3 36. cxb3 Bxb3 37. Rg6 c4 38. Rxd6 c3 39. Nf6 Bc4 40. Nd5+ Kc5
41. Rxc6+ Kxc6 42. Bc2 Bxd5 43. exd5+ Kxd5 44. Kf2 Kd4 45. Kf3 Kc5 46. Kf4 Kb4 47. g4 Ka3 48. Ke3 Kb2 49. Kd3 Kc1 50. g5
1-0

[Event "Recordando los clásicos"]
[Site "SchemingMind.com"]
[Date "2008.12.11"]
[Round "-"]
[White "Shaka"]
[Black "aadaam"]
[Result "1-0"]
[WhiteCountry "VEN"]
[BlackCountry "INT"]
[WhiteElo "1817"]
[WhiteRD "73"]
[BlackElo "1768"]
[BlackRD "44"]
[GameID "182838"]

1. e4 e5 2. f4 exf4 3. Nf3 d5 4. e5 Be6 5. d4 Bb4+ 6. c3 Ba5 7. Bxf4 Ne7 8. Bd3 Nd7 9. O-O c6 10. Ng5 h6
11. Nxe6 fxe6 12. Qg4 Nf8 13. Qxg7 Rg8 14. Qf6 Kd7 15. Bxh6 Nfg6 16. Nd2 Rh8 17. Bg5 Qg8 18. Nb3 Bb6 19. Qf7 Qh7 20. h4 Raf8
21. Qxh7 Rxh7 22. Bxe7
1-0

[Event "Recordando los clásicos"]
[Site "SchemingMind.com"]
[Date "2008.12.11"]
[Round "-"]
[White "ilhado"]
[Black "Shaka"]
[Result "1-0"]
[WhiteCountry "BRA"]
[BlackCountry "VEN"]
[WhiteElo "1723"]
[WhiteRD "78"]
[BlackElo "1770"]
[BlackRD "73"]
[GameID "182839"]

1. e4 e5 2. f4 d5 3. exd5 e4 4. Bc4 Nf6 5. Nc3 Bb4 6. a3 Bxc3 7. dxc3 O-O 8. Be3 Bg4 9. Ne2 Nbd7 10. d6 c6
11. h3 Bxe2 12. Qxe2 b5 13. Bb3 Re8 14. O-O-O a5 15. a4 Rb8 16. g4 Nf8 17. g5 N6d7 18. c4 b4 19. c5 Ne6 20. h4 Ndf8
21. f5 Nc7 22. dxc7 Qxc7 23. Qf2
1-0

[Event "Recordando los clásicos"]
[Site "SchemingMind.com"]
[Date "2008.12.12"]
[Round "-"]
[White "TONYTODD11"]
[Black "Shaka"]
[Result "0-1"]
[WhiteCountry "ENG"]
[BlackCountry "VEN"]
[WhiteElo "1496"]
[WhiteRD "71"]
[BlackElo "1817"]
[BlackRD "73"]
[GameID "182840"]

1. e4 e5 2. f4 d5 3. Nf3 dxe4 4. Nxe5 Be6 5. c3 Nf6 6. d4 Nbd7 7. Bb5 c6 8. Ba4 Bd6 9. O-O Qb6 10. f5 Bd5
11. Bf4 Bxe5 12. Kh1 Bxf4 13. Rxf4 Qxb2 14. Nd2 e3 15. Rb1 Qxd2 16. Qxd2 exd2
0-1

[Event "Recordando los clásicos"]
[Site "SchemingMind.com"]
[Date "2008.12.12"]
[Round "-"]
[White "keen"]
[Black "Shaka"]
[Result "0-1"]
[WhiteCountry "SCO"]
[BlackCountry "VEN"]
[WhiteElo "1638"]
[WhiteRD "56"]
[BlackElo "1817"]
[BlackRD "73"]
[GameID "182841"]

1. e4 e5 2. f4 d5 3. exd5 e4 4. d3 Qxd5 5. Nc3 Bb4 6. Bd2 Bxc3 7. Bxc3 Nf6 8. Qe2 O-O 9. O-O-O Bg4 10. dxe4 Bxe2
11. exd5 Bxd1 12. Kxd1 Nbd7 13. Bc4 Nb6 14. Bd3 Nfxd5 15. Bd2 Rad8 16. Nf3 c5 17. Kc1 Rfe8 18. Ng5 h6 19. Ne4 c4
0-1

[Event "Recordando los clásicos"]
[Site "SchemingMind.com"]
[Date "2008.12.11"]
[Round "-"]
[White "fouche"]
[Black "Shaka"]
[Result "1-0"]
[WhiteCountry "COL"]
[BlackCountry "VEN"]
[WhiteElo "1525"]
[WhiteRD "51"]
[BlackElo "1770"]
[BlackRD "73"]
[GameID "182842"]

1. e4 e5 2. f4 d5 3. exd5 e4 4. d4 Nf6 5. c4 Bb4+ 6. Bd2 Qe7 7. Nc3 O-O 8. a3 Bxc3 9. Bxc3 Re8 10. Ne2 Bg4
11. Qc2 Nbd7 12. h3 Bxe2 13. Bxe2 Nf8 14. O-O-O Ng6 15. g3 a5 16. Rdf1 Nh5 17. Bxh5 e3 18. Be2 b6 19. f5 Nf8 20. h4 Rad8
21. g4 Nd7 22. g5 Nf8 23. g6 h6 24. gxf7+ Qxf7 25. Qd1 Qd7 26. f6 gxf6 27. Rhg1+ Kh8 28. Rxf6 Re7 29. Rxh6+ Rh7 30. Rxh7+ Qxh7
31. Bd3 Qh6 32. Kb1 Re8 33. c5 Nh7 34. d6 cxd6 35. Bxh7 Qxh7+ 36. Ka1 d5 37. Qe1 a4 38. Rg5
1-0

[Event "Recordando los clásicos"]
[Site "SchemingMind.com"]
[Date "2008.12.16"]
[Round "-"]
[White "janez"]
[Black "Shaka"]
[Result "0-1"]
[WhiteCountry "SLO"]
[BlackCountry "VEN"]
[WhiteElo "1595"]
[WhiteRD "71"]
[BlackElo "1813"]
[BlackRD "70"]
[GameID "182843"]

1. e4 e5 2. f4 d5 3. exd5 e4 4. c4 Nf6 5. d3 exd3 6. Bxd3 Bc5 7. Ne2 O-O 8. Nbc3 Re8 9. b3 Ng4 10. Ne4 Be3
11. h3 Bxc1 12. Qxc1 Nf6 13. Qc2 Nxe4 14. Bxe4 f5 15. Bxf5 Bxf5 16. Qxf5 Qe7 17. Qe6+ Qxe6 18. dxe6 Rxe6 19. Rd1 Nc6 20. Rd2 Rae8
21. Kf2 Nb4 22. Re1 Kf7 23. Red1 R8e7 24. Nd4 Re4 25. g3 g6 26. a3 Na6 27. Nb5 Nc5 28. Rb2 a6 29. Nc3 R4e6 30. b4 Ne4+
31. Nxe4 Rxe4 32. c5 Re3 33. Ra2 h5 34. h4 Kf6 35. Rd8 Rb3 36. Rb8 c6
0-1

[Event "Recordando los clásicos"]
[Site "SchemingMind.com"]
[Date "2008.12.16"]
[Round "-"]
[White "ajedrez perfecto"]
[Black "Shaka"]
[Result "0-1"]
[WhiteCountry "BAH"]
[BlackCountry "VEN"]
[WhiteElo "1484"]
[WhiteRD "76"]
[BlackElo "1835"]
[BlackRD "69"]
[GameID "182844"]

1. e4 e5 2. f4 d5 3. exd5 e4 4. d3 Qxd5 5. Qe2 Nf6 6. Nc3 Bb4 7. Bd2 Bxc3 8. Bxc3 Bg4 9. Qe3 Nbd7 10. h3 Be6
11. dxe4 Qc6 12. Bd3 O-O-O 13. Nf3 Nc5 14. Nd4 Nxd3+ 15. cxd3 Qb6 16. O-O Rhe8 17. Qf2 Qa6 18. Rfd1 Kb8 19. Nxe6 Rxe6
0-1

[Event "Recordando los clásicos"]
[Site "SchemingMind.com"]
[Date "2008.12.11"]
[Round "-"]
[White "lemmie"]
[Black "Shaka"]
[Result "1-0"]
[WhiteCountry "NED"]
[BlackCountry "VEN"]
[WhiteElo "1788"]
[WhiteRD "52"]
[BlackElo "1770"]
[BlackRD "73"]
[GameID "182845"]

1. e4 e5 2. f4 d5 3. exd5 e4 4. Qe2 Nf6 5. d3 Bg4 6. Nf3 Qxd5 7. Nc3 Bb4 8. Bd2 Bxc3 9. Bxc3 O-O 10. dxe4 Nxe4
11. Be5 Nc6 12. Rd1 Qa5+ 13. c3 Nxe5 14. fxe5 Ng5 15. b4 Qb6 16. h4 Nxf3+ 17. gxf3 Qc6 18. Rd3 Rad8 19. b5 Bxf3 20. bxc6 Bxe2
21. Bxe2 Rxd3 22. Bxd3 b6 23. O-O Rd8 24. Bf5 g6 25. Bd7
1-0

[Event "Recordando los clásicos"]
[Site "SchemingMind.com"]
[Date "2008.12.17"]
[Round "-"]
[White "slotheman"]
[Black "Shaka"]
[Result "0-1"]
[WhiteCountry "USA"]
[BlackCountry "VEN"]
[WhiteElo "1715"]
[WhiteRD "78"]
[BlackElo "1835"]
[BlackRD "69"]
[GameID "182846"]

1. e4 e5 2. f4 d5 3. exd5 e4 4. d3 Qxd5 5. Qe2 Nf6 6. Nc3 Bb4 7. Bd2 Bxc3 8. Bxc3 Bg4 9. Nf3 O-O 10. dxe4 Nxe4
11. Qc4 Nxc3 12. Qxc3 Re8+ 13. Kf2 Nc6 14. Bc4 Qc5+ 15. Kg3 Qh5 16. Bxf7+ Kxf7 17. Qb3+ Be6 18. Qxb7 Ne7 19. Qxc7 Rec8 20. Ne5+ Kf8
21. Nd7+ Kg8 22. Nf6+ gxf6 23. Qxe7 Qg4+ 24. Kf2 Qxf4+ 25. Ke1 Qe3+ 26. Kd1 Bg4#
0-1

[Event "Recordando los clásicos"]
[Site "SchemingMind.com"]
[Date "2008.12.11"]
[Round "-"]
[White "aadaam"]
[Black "Shaka"]
[Result "1/2-1/2"]
[WhiteCountry "INT"]
[BlackCountry "VEN"]
[WhiteElo "1753"]
[WhiteRD "46"]
[BlackElo "1770"]
[BlackRD "73"]
[GameID "182847"]

1. e4 e5 2. f4 d5 3. Nf3 exf4 4. exd5 Nf6 5. d4 Qxd5 6. Qe2+ Be6 7. Bxf4 Bb4+ 8. c3 Ba5 9. Qb5+ Qxb5 10. Bxb5+ c6
11. Bd3 Nbd7 12. O-O O-O 13. Nbd2 Rfe8 14. Nc4 Bxc4 15. Bxc4 Rad8 16. Ne5 Nd5 17. Nxd7 Rxd7 18. Rae1 Rde7 19. Rxe7 Rxe7 20. Bd2 Bc7
21. Re1 Rxe1+ 22. Bxe1 Ne3 23. Bd3 g6 24. h3 Kg7 25. Bd2 Nd5 26. c4 Nf6 27. Kf2 Nh5 28. b4 Nf4 29. Bxf4 Bxf4 30. Kf3 Bd2
31. b5 cxb5 32. cxb5 Ba5=
1/2-1/2